| 000 | 01024nam a2200265 i 4500 | ||
|---|---|---|---|
| 001 | 182186 | ||
| 003 | ES-MaACL | ||
| 005 | 20240305180124.0 | ||
| 008 | 130621s2011 mx a |||| | spa d | ||
| 080 | _a978-607-00-4876-0 | ||
| 100 | 1 |
_aJiménez Mier y Terán, Fernando. _9141924 |
|
| 245 | 1 | 1 |
_a¡Viva la imprenta! _b: orígenes de la educación Freinet en España : "Libro de vida" / _cFernando Jiménez Mier y Terán. |
| 250 | _a1ª ed. | ||
| 260 |
_aMéxico : _bTanteo, _c2011. |
||
| 300 |
_a358 p. : _bil. ; _c21 cm. |
||
| 490 | 1 | _aMaestros de a pie y cosas de niños | |
| 600 | 0 | 4 |
_aFreinet, Célestin. _952452 |
| 650 | 4 |
_aMétodo Freinet. _9152988 |
|
| 650 | 7 |
_aEnseñanza- _zEspaña- _yS.XX _2 _9139558 |
|
| 830 | 0 |
_aMaestros de a pie y cosas de niños _9224806 |
|
| 852 |
_aES-MaACL _jA-12765 _9189097 _bR.148882 _cDEPO1 _dOlim: N-5765 _xDonación: Fernando Jiménez Mier y Terán |
||
| 903 |
_9141924 _aJiménez Mier y Terán, Fernando _ednr |
||
| 942 |
_2udc _cMONOGRAFIA |
||
| 999 |
_c182186 _d182186 |
||